000 00196 a2200097 4500
020 _a9789978804377
041 _aspa
100 _aVallejos ,Estuardo
245 _aEl congreso de Ratones
942 _cBK
999 _c2130
_d2130